00498nam a22001817a 450000500170000000800410001702000180005804000070007604100120008308200170009510000150011224500130012726000280014030000240016836500530019265000300024565000410027520260114155233.0260114b |||||||| |||| 00| 0 eng d a9781035050994 cAL aEnglish a813.54bCOOB aRobin Cook aBellevue aLondonbPan Booksc2025 a339p.bPBc20x13cm. a5464b₹479.00c₹d₹599.00e20%f10-01-2026 a American English Fiction aThis Hospital Holds Too many Secrets